000 00912nam a2200301 i 4500
003 CO-BoRNBP
005 20250605150021.0
007 ta
008 180109s2006 sp a gr 000 0 spa d
020 _a8493533130
040 _aCO-BoRNBP
_bspa
_erda
_cCO-BoRNBP
041 0 _aspa
043 _as-ck---
082 0 4 _a631.584
_bS15q
_223
100 1 _aSánchez, Ester,
_eautora
_959918
245 1 0 _a¿Qué es la agricultura ecológica?
_cEster Sánchez
250 _aSegunda edición
264 1 _aAsturias
_bPintar-Pintar
_c2006
300 _a[35] páginas
_bilustraciones a color
_c25 cm
336 _atexto
_btxt
_2rdacontent
337 _asin mediación
_bn
_2rdamedia
338 _avolumen
_bnc
_2rdacarrier
500 _aIncluye glosario
650 0 0 _aConservación de los recursos agrícolas
_2LEMB
_9377
650 0 4 _aCultivos
_2LEMB
_959919
650 0 0 _aCultivos Alimenticios
_2LEMB
942 _2ddc
_cBK
999 _c57212
_d57212